|
|
|
|
| LEADER |
00000nab a2200000 a 4500 |
| 001 |
vtls000634494 |
| 003 |
SK-MaSNL |
| 005 |
20260303115957.0 |
| 008 |
160401c1997 xo 0 slo |
| 015 |
|
|
|a SNBRB19rr/mm-uuuuu
|
| 035 |
|
|
|a CL0634633
|
| 040 |
|
|
|a SNKBUCL
|b slo
|c SNKBUCL
|e AACR2
|
| 041 |
0 |
|
|a slo
|
| 044 |
|
|
|a xo
|c SK
|
| 080 |
|
|
|a 368.42/.46:347.72
|2 1981
|
| 080 |
|
|
|a 347.72
|2 1981
|
| 080 |
|
|
|a 362.62
|2 1981
|
| 100 |
1 |
|
|a Bolješiková, Jindra
|4 aut
|9 892020
|
| 245 |
1 |
0 |
|a Právne postavenie obchodných zástupcov v nemocenskom poistení a dôchodkovom zabezpečení
|c Jindra Bolješiková, Diana Ďurišová
|
| 650 |
0 |
7 |
|a nemocenské poistenie
|2 snkbucl
|9 67734
|
| 650 |
0 |
7 |
|a dôchodkové zabezpečenie
|2 snkbucl
|9 29237
|
| 650 |
0 |
7 |
|a zástupcovia obchodní
|2 snkbucl
|9 847732
|
| 655 |
|
7 |
|a články z novín a časopisov
|2 snkbucl
|9 267496
|
| 700 |
1 |
|
|a Ďurišová, Diana
|4 aut
|9 821275
|
| 773 |
0 |
|
|t Národné poistenie
|g Roč. 29, č. 7 (1997), s. 6-7
|
| 850 |
|
|
|a Slovenská národná knižnica v Martine
|a MTA001
|
| 852 |
|
|
|a SNK
|b KIS3GCP
|
| 958 |
|
|
|a RK
|
| 958 |
|
|
|a RBX
|
| 999 |
|
|
|c 1906821
|d 1908751
|